000 00638nam a22001937a 4500
005 20100819160323.0
010 _aENG-101006
020 _a8181573382
_c100.00
035 _aEN-84539
037 _bDBAD/PUB
082 _a230.1
100 _aP Lal
_915331
245 _aAn Introduction to Vyasa's Mahabharata /
_cby P Lal
260 _aKolkata
_bWriters Workshop
_c2005
270 _aWriters Workshop
_bKolkata
300 _a83p
_c21cm(pbk)
942 _2ddc
_cEN
_h230.1
_mLAL
999 _c42618
_d42618